000 00616 a2200241 4500
005 20260128122330.0
008 260128b |||||||| |||| 00| 0 eng d
020 _a9781319589943
_c£ 76.99
040 _aMAIN
082 _a575.1
_bG875I
100 _aGriffiths, Anthony J F
245 _aIntroduction to genetic analysis
250 _a12th
260 _bMacmillon Learning
_c2025
_aNew York
300 _axxiii, 797
650 _aGenetics
650 _aGene
650 _aGenomes
700 _aDoebley, John
700 _aPeichel, Catherine
700 _aWassarman, David A
942 _cBK
999 _c395097
_d395097